| 000 | 01520cas a2200397 a 4500 | ||
|---|---|---|---|
| 001 | 11257952 | ||
| 005 | 20100701151402.0 | ||
| 008 | 780628c19662007enkar |dr 001 0 eng c | ||
| 010 | _a 82640253 | ||
| 020 | _a0749448024 | ||
| 022 | 9 | _a0141-5972 | |
| 035 | _a(OCoLC)ocm04013638 | ||
| 037 | _bKogan Page Ltd., 120 Pentonville Rd., London N1, England | ||
| 040 |
_aCtY _cCtY _dFU _dDLC _dNST _dDLC _dNST _dMH _dNST _dOCoLC _dNLGGC _dCaQQL _dNYDWH _dInU _dNIALS _dOCoLC |
||
| 042 | _apcc | ||
| 043 | _ae-uk--- | ||
| 050 | 0 | 0 |
_aL915 _b.B68 |
| 082 | 0 | 0 |
_a378.01302541 _bBRI |
| 245 | 0 | 0 |
_aBritish Qualifications : _bA Complete Guide to Professonal, Vocational & Academic Qualifications in the United kingdom / |
| 260 |
_aLondon : _bKogan Page, 2007 _c2007 |
||
| 300 |
_a978 p. ; _c23 cm. |
||
| 310 |
_aAnnual, _b1973- |
||
| 321 |
_aIrregular, _b1966-72 |
||
| 362 | 1 | _aBegan in 1966. | |
| 500 | _aIncludes index. | ||
| 590 | _aSERBIB/SERLOC merged record | ||
| 650 | 0 |
_aUniversities and colleges _zGreat Britain _vDirectories. _922952 |
|
| 650 | 0 |
_aProfessional education _zGreat Britain _vDirectories. _922953 |
|
| 650 | 0 |
_aEducation, Higher _zGreat Britain _922951 |
|
| 653 |
_bGeneral _cApril2011 |
||
| 942 |
_2ddc _cREFERENCE |
||
| 999 |
_c15084 _d15084 |
||